| 000 | 00607nam a2200181 a 4500 | ||
|---|---|---|---|
| 001 | 000042974 | ||
| 005 | 20201002040536.0 | ||
| 008 | 140213s1972 sp a 000 0 spa d | ||
| 040 |
_aDO-SdBNP _bspa _cBNPHU |
||
| 082 |
_axxxxxx _bxxxxxx |
||
| 100 | 1 |
_aMarqueríe, Alfredo, _d1907- _970466 |
|
| 245 | 1 | 0 |
_aCincuenta Personajes del teatro universal / _cAlfredo Marqueríe. |
| 260 |
_aMadrid, : _bMagisterio español, _c1972. |
||
| 300 |
_a329 p. : _bil. ; _c18 cm. |
||
| 490 | 1 |
_aNovelas y cuentos _v109 |
|
| 500 | _aIncluye datos biográficos del autor en la cubierta | ||
| 830 | 0 |
_aNovelas y cuentos _n109 _970467 |
|
| 999 |
_c42463 _d42463 |
||